Հայ բարբառագիտության դասընթաց / (Record no. 9399)
[ view plain ]
| 000 -LEADER | |
|---|---|
| fixed length control field | 00720nam a2200205 a 4500 |
| 001 - CONTROL NUMBER | |
| control field | 000023612 |
| 003 - CONTROL NUMBER IDENTIFIER | |
| control field | AM-YEHGA |
| 005 - DATE AND TIME OF LATEST TRANSACTION | |
| control field | 20260121160449.0 |
| 008 - FIXED-LENGTH DATA ELEMENTS--GENERAL INFORMATION | |
| fixed length control field | 980924s1957 ai ||||gr|||||||0|||arm|d |
| 040 ## - CATALOGING SOURCE | |
| Original cataloging agency | AM-YEHGA |
| 041 0# - LANGUAGE CODE | |
| Language code of text/sound track or separate title | arm |
| 100 1# - MAIN ENTRY--PERSONAL NAME | |
| Personal name | Գրիգորյան, Ահարոն Վաղարշակի |
| 9 (RLIN) | 436 |
| 245 10 - TITLE STATEMENT | |
| Title | Հայ բարբառագիտության դասընթաց / |
| Statement of responsibility, etc. | Ա. Գրիգորյան ; Խմբ.՝ Ս. Ղազարյան. |
| 260 ## - PUBLICATION, DISTRIBUTION, ETC. | |
| Place of publication, distribution, etc. | Երևան : |
| Name of publisher, distributor, etc. | ԵՊՀ, |
| Date of publication, distribution, etc. | 1957. |
| 300 ## - PHYSICAL DESCRIPTION | |
| Extent | 543 էջ |
| 650 14 - SUBJECT ADDED ENTRY--TOPICAL TERM | |
| Topical term or geographic name entry element | Բարբառագիտություն |
| 700 1# - ADDED ENTRY--PERSONAL NAME | |
| Personal name | Ղազարյան, Սերոբ Ղազարի, |
| Dates associated with a name | 1909-1962 |
| Relationship | edt |
| 9 (RLIN) | 2784 |
| 710 2# - ADDED ENTRY--CORPORATE NAME | |
| Corporate name or jurisdiction name as entry element | Երևանի պետական համալսարան |
| 942 ## - ADDED ENTRY ELEMENTS (KOHA) | |
| Source of classification or shelving scheme | Universal Decimal Classification |
| Koha item type | Գրքեր / Books |
| Withdrawn status | Lost status | Damaged status | Not for loan | Collection | Home library | Current library | Date acquired | Total checkouts | Full call number | Barcode | Date last seen | Cost, replacement price | Price effective from | Koha item type | Public note | Source of classification or shelving scheme |
|---|---|---|---|---|---|---|---|---|---|---|---|---|---|---|---|---|
| General | Fundamental Scientific Library | Fundamental Scientific Library | 21/12/2016 | AII/13414 | FL0012641 | 21/12/2016 | 18.00 | 21/12/2016 | Գրքեր / Books | 30 Days Loan | ||||||
| General | Fundamental Scientific Library | Fundamental Scientific Library | 21/12/2016 | AII/13415 | FL0012642 | 21/12/2016 | 18.00 | 21/12/2016 | Գրքեր / Books | 30 Days Loan | ||||||
| General | Fundamental Scientific Library | Fundamental Scientific Library | 21/12/2016 | AII/13416 | FL0012643 | 21/12/2016 | 18.00 | 21/12/2016 | Գրքեր / Books | 30 Days Loan | ||||||
| General | Fundamental Scientific Library | Fundamental Scientific Library | 21/12/2016 | AII/64319 | 220064319 | 21/12/2016 | 21/12/2016 | Գրքեր / Books | 30 Days Loan | |||||||
| Jahukyan Individual Collection | Fundamental Scientific Library | Fundamental Scientific Library | 04/08/2022 | Djauk/3268 | 906003268 | 21/12/2016 | 21/12/2016 | Գրքեր / Books | ILL Non-Circ. | Universal Decimal Classification | ||||||
| Gharibyan individual Collection | Fundamental Scientific Library | Fundamental Scientific Library | 08/10/2025 | Ղար/171 | FL0697483 | 08/10/2025 | 08/10/2025 | Գրքեր / Books | ILL Non-Circ. | Universal Decimal Classification |
ՀՀ Գիտությունների ազգային ակադեմիայի հիմնարար գիտական գրադարան = Fundamental Scientific Library of NAS RA
All site content, except where otherwise noted, is licensed under a